Mitológicas (Record no. 9950)
[ view plain ]
| 000 -CABECERA | |
|---|---|
| campo de control de longitud fija | 01050nam a2200301 a 4500 |
| 001 - NÚMERO DE CONTROL | |
| campo de control | BRL_1138 |
| 005 - FECHA Y HORA DE LA ÚLTIMA TRANSACCIÓN | |
| campo de control | 20190320211042.0 |
| 008 - DATOS DE LONGITUD FIJA--INFORMACIÓN GENERAL | |
| campo de control de longitud fija | 151113s1972----mx-a######---#000-0#spa-# |
| 041 ## - CÓDIGO DE LENGUA | |
| Código de lengua del texto/banda sonora o título independiente | spa |
| 044 ## - CÓDIGO DEL PAÍS DE LA ENTIDAD EDITORA/PRODUCTORA | |
| Código MARC del país | mx |
| 050 #4 - SIGNATURA TOPOGRÁFICA DE LA BIBLIOTECA DEL CONGRESO | |
| Número de clasificación | BL311 |
| Número de documento/Ítem | .L48 1972 |
| 100 1# - ENTRADA PRINCIPAL--NOMBRE DE PERSONA | |
| Nombre de persona | Lévi-Strauss, Claude |
| 9 (RLIN) | 25897 |
| 245 10 - MENCIÓN DE TÍTULO | |
| Título | Mitológicas |
| Resto del título | de la miel a las cenizas |
| Mención de responsabilidad, etc. | Claude Lévi-Strauss ; traducción al español Juan Almela. |
| 260 ## - PUBLICACIÓN, DISTRIBUCIÓN, ETC. | |
| Lugar de publicación, distribución, etc. | México |
| Nombre del editor, distribuidor, etc. | Fondo de Cultura Ecónomica |
| Fecha de publicación, distribución, etc. | 1972 |
| 300 ## - DESCRIPCIÓN FÍSICA | |
| Extensión | 438 p. |
| Otras características físicas | il. |
| Dimensiones | 21 cm. |
| 440 #0 - MENCIÓN DE SERIE/PUNTO DE ACCESO ADICIONAL--TÍTULO | |
| Título | Sección de obras de antropología |
| 9 (RLIN) | 25898 |
| 500 ## - NOTA GENERAL | |
| Nota general | Au1319 |
| 500 ## - NOTA GENERAL | |
| Nota general | Incluye dedicatoria a Ruth Lechuga |
| 500 ## - NOTA GENERAL | |
| Nota general | Traducción de: Mythologiques : Du miel aux cendres. |
| 500 ## - NOTA GENERAL | |
| Nota general | Incluye índice de mitos, analítico y general. |
| 504 ## - NOTA DE BIBLIOGRAFÍA, ETC. | |
| Nota de bibliografía, etc. | Bibliografía: p. 397-418 |
| 650 14 - PUNTO DE ACCESO ADICIONAL DE MATERIA--TÉRMINO DE MATERIA | |
| Término de materia o nombre geográfico como elemento de entrada | Mitología |
| 9 (RLIN) | 9838 |
| 650 14 - PUNTO DE ACCESO ADICIONAL DE MATERIA--TÉRMINO DE MATERIA | |
| Término de materia o nombre geográfico como elemento de entrada | Indígenas de América del Sur |
| Subdivisión general | Religión y Mitología |
| 9 (RLIN) | 25899 |
| 650 14 - PUNTO DE ACCESO ADICIONAL DE MATERIA--TÉRMINO DE MATERIA | |
| Término de materia o nombre geográfico como elemento de entrada | Indígenas de América del Sur |
| Subdivisión general | Folklore |
| 9 (RLIN) | 25900 |
| 700 1# - PUNTO DE ACCESO ADICIONAL--NOMBRE DE PERSONA | |
| Nombre de persona | Almela, Juan |
| Término indicativo de función/relación | tr. |
| 9 (RLIN) | 25901 |
| 902 ## - CATALOGADOR | |
| Iniciales | GRL |
| 942 ## - ELEMENTOS DE PUNTO DE ACCESO ADICIONAL (KOHA) | |
| Fuente del sistema de clasificación o colocación | Library of Congress Classification |
| Tipo de ítem Koha | Libros |
| Estado de retiro | Estado de pérdida | Estado dañado | No para préstamo | Localización permanente | Ubicación/localización actual | Fecha de adquisición | Número de inventario | Total de préstamos | Signatura topográfica completa | Código de barras | Fecha visto por última vez | Precio válido a partir de | Tipo de ítem Koha |
|---|---|---|---|---|---|---|---|---|---|---|---|---|---|
| El ejemplar forma parte de la colección y puede ser consultado según las políticas vigentes. | Biblioteca Centro de Estudios Ruth D. Lechuga | Biblioteca Centro de Estudios Ruth D. Lechuga | 15/11/2013 | Au1319 | BL311 .L48 1972 (Au1319) | GRL01253 | 22/03/2019 | 22/03/2019 | Libros |